[Event "WchT 11th"]
[Site "Khanty-Mansiysk"]
[Date "2017.06.17"]
[Round "1.3"]
[White "Karthikeyan, Murali"]
[Black "Piorun, Kacper"]
[Result "0-1"]
[WhiteElo "2582"]
[BlackElo "2632"]
[Annotator "Yermolinsky,A"]
[PlyCount "78"]
[EventDate "2017.06.17"]
[EventType "team-tourn"]
[EventRounds "9"]
[EventCountry "RUS"]
[SourceTitle "CBM 179"]
[Source "ChessBase"]
[SourceDate "2017.07.12"]
[SourceVersion "1"]
[SourceVersionDate "2017.07.12"]
[SourceQuality "1"]
[WhiteTeam "India"]
[BlackTeam "Poland"]
[WhiteTeamCountry "IND"]
[BlackTeamCountry "POL"]

1. e4 e5 2. Nf3 Nc6 3. Bb5 Nf6 4. d3 Bc5 5. c3 O-O 6. O-O Re8 7. Nbd2 a6 8. Ba4
Ba7 9. Re1 b5 10. Bb3 d6 11. Nf1 h6 12. a4 b4 13. a5 bxc3 14. bxc3 Ne7 15. Be3
Ng6 16. g3 d5 17. exd5 Nxd5 18. Bxa7 Rxa7 19. d4 e4 20. Qc2 f5 21. N3d2 c6 {
Kacper Piorun made a statement by taking down Vassily Ivanchuk in a sharp
counter-attacking game in the recent Capablanca Memorial. Here he follows the
same script: Black has surrendered space on the queenside and has weaknesses,
while looking for a chance to attack the king.} 22. Ba4 ({The surest way of
nipping such ambitions in the bud would be} 22. f3 $1 Rae7 23. fxe4 fxe4 24.
Ne3 {but the young Indian GM must have felt it wasn't enough for an advantage.}
) 22... Re6 23. Nb3 Nf8 24. Nc5 Rf6 25. Qb3 Re7 26. c4 ({Once again, us old
hands would look at} 26. f3 $1 {before anything else. Black then would have to
find} Kh8 $1 ({not} 26... exf3 $2 27. Rxe7 Qxe7 28. Bxc6 Rxc6 {where Black's
position falls apart, and the forced line} 29. Qxd5+ Kh7 30. Qxc6 Qe2 31. Ra2
Qxa2 32. Qxf3 Qxa5 {leaves him struggling to survive down a piece after} 33.
Qc6 Qxc3 34. Qxc8 Qxd4+ 35. Kg2) 27. fxe4 fxe4 {Surprisingly, the e4-pawn is
poison:} 28. Rxe4 $2 Ne6 $1 29. Nxe6 Bxe6 30. Qa3 Rf3 {etc.}) 26... Nc7 27. d5
Qd6 ({Objectively speaking,} 27... Nd7 {was better, but Piorun is not
interested in drawish lines.}) 28. Qa3 (28. Qb6 $1 cxd5 29. cxd5 Qxb6 30. axb6
Rxb6 31. Ne3 {was certainly worth investigating.}) 28... cxd5 29. cxd5 Kh8 30.
Ne3 $2 {One mistake from Murali and the floodgates are open.} f4 $1 31. Nc4
Qxd5 32. Nb6 Qf5 33. Nxc8 f3 $1 {From this moment on everything follows a
familiar pattern - White has no chances left.} 34. Kh1 Re5 35. Rxe4 Qh3 36. Rg1
Rh5 37. Rh4 Rxh4 38. gxh4 Rg6 39. Qa1 Rg2 0-1

[Event "WchT 11th"]
[Site "Khanty-Mansiysk"]
[Date "2017.06.17"]
[Round "1.4"]
[White "Bartel, Mateusz"]
[Black "Negi, Parimarjan"]
[Result "1/2-1/2"]
[WhiteElo "2637"]
[BlackElo "2670"]
[Annotator "Yermolinsky,A"]
[PlyCount "161"]
[EventDate "2017.06.17"]
[EventType "team-tourn"]
[EventRounds "9"]
[EventCountry "RUS"]
[SourceTitle "CBM 179"]
[Source "ChessBase"]
[SourceDate "2017.07.12"]
[SourceVersion "1"]
[SourceVersionDate "2017.07.12"]
[SourceQuality "1"]
[WhiteTeam "Poland"]
[BlackTeam "India"]
[WhiteTeamCountry "POL"]
[BlackTeamCountry "IND"]

1. e4 e5 2. Nf3 Nc6 3. Bb5 Nf6 4. d3 Bc5 5. Bxc6 dxc6 6. Qe2 Bg4 7. h3 Bxf3 8.
Qxf3 Nd7 9. Qg3 O-O 10. Nd2 f6 11. O-O Re8 12. Nb3 Bd6 13. Na5 Qc8 14. Nc4 Nf8
15. f4 exf4 16. Bxf4 Bxf4 17. Rxf4 Kh8 18. e5 f5 19. Rf2 Ng6 20. Qf3 f4 21. d4
Qe6 22. Nd2 Rad8 23. c3 b6 24. Ne4 Qf5 25. b4 Rf8 26. Re1 h6 27. Nd2 c5 28.
bxc5 bxc5 29. Nb3 cxd4 30. e6 Qf6 31. cxd4 Rfe8 32. d5 Rd6 {White has made big
strides with his central pawns, but his knight is unfortunately positioned.}
33. Rc2 (33. Nc5 Qd4 {drops the d5-pawn}) ({and} 33. Na5 Qg5 34. Rd1 Nh4 35.
Qb3 f3 {is unnerving.}) 33... Qg5 34. Rxc7 Rxd5 35. Re4 Re5 {Black now has a
clear edge, so Bartel takes a gamble.} 36. Nd4 $5 (36. Rxe5 Qxe5 37. Qc3 Qxc3
38. Rxc3 Rxe6 39. Rc4 $15) 36... Nh4 37. Rxe5 (37. Qe2 f3 $1 38. Nxf3 Rxe4 39.
Qxe4 Qxg2#) 37... Nxf3+ 38. Nxf3 Qd8 39. Rd7 Qb6+ 40. Nd4 (40. Kh2 Rxe6 41.
Rxe6 Qxe6 42. Rxa7 {I'm not sure Black is winning , but he's certainly going
to try.}) 40... Qb1+ ({Opening the white king up with} 40... f3 $1 {was the
way to go.}) 41. Kh2 Qxa2 $2 (41... Qb4 $142 42. e7 Kh7) 42. e7 $1 {The tables
have turned. Suddenly, it's Black who's in danger.} f3 $5 {Better late than
never. Negi wants to create some perpetual check oportunities.} ({Truth to
tell,} 42... Qg8 43. Ne6 Qf7 44. Rd8 (44. Nc7 f3) 44... Qxe7 45. Nxg7 Kxg7 46.
Rxe8 Qa3 {was enough to draw.}) 43. Nxf3 Kg8 44. Nd4 Qd2 45. Re2 $2 {Another
turn-around.} ({Bartel missed} 45. Rf5 Kh7 46. Ne6 {where White is out of
danger.}) 45... Qf4+ 46. g3 Qf6 $17 47. Kg2 a5 48. Re6 Qg5 49. h4 Qg4 50. Rdd6
Kf7 $2 {The final twist in the tale.} (50... a4 $19) 51. Nc6 $1 Qxe6 52. Nd8+
Kxe7 53. Rxe6+ Kxd8 54. Ra6 {Black is just one tempo short.} Re5 55. Kf3 Kc8
56. Rg6 Kb8 (56... Re7 57. Ra6) 57. Rxg7 a4 58. Rg4 Ra5 59. Rb4+ Kc7 60. Rb1 a3
61. g4 Kd6 62. Ke4 a2 63. Ra1 Ke6 64. Kd3 Ra4 65. Kc3 Ke5 66. Kb3 Rxg4 67. Rxa2
Rxh4 {The game has reached an endgame book draw.} 68. Ra5+ Kf4 69. Kc3 Rh2 70.
Kd3 h5 71. Ra8 h4 72. Rf8+ Kg3 73. Ke3 Ra2 74. Rg8+ Kh2 75. Kf3 h3 76. Rh8 Ra5
77. Rg8 Rf5+ 78. Ke2 Kh1 79. Rh8 h2 80. Rg8 Ra5 81. Kf1 1/2-1/2

[Event "USA-ch"]
[Site "Saint Louis"]
[Date "2017.03.29"]
[Round "1"]
[White "Robson, Ray"]
[Black "Nakamura, Hikaru"]
[Result "0-1"]
[WhiteElo "2668"]
[BlackElo "2793"]
[Annotator "Yermolinsky,A"]
[PlyCount "130"]
[EventDate "2017.03.29"]
[EventType "tourn"]
[EventRounds "11"]
[EventCountry "USA"]
[EventCategory "18"]
[SourceTitle "CBM 178"]
[Source "ChessBase"]
[SourceDate "2017.05.14"]
[SourceVersion "1"]
[SourceVersionDate "2017.05.14"]
[SourceQuality "1"]

1. e4 e5 2. Nf3 Nc6 3. Bb5 Nf6 4. d3 Bc5 5. Bxc6 dxc6 6. Nbd2 Be6 7. O-O Bd6 8.
d4 Nd7 9. dxe5 Nxe5 10. Nxe5 Bxe5 11. f4 Bd4+ ({Nakamura has had a look at
this position from the other side of the board:} 11... Qd4+ {was played
against him by Aronian. After} 12. Kh1 Bd6 13. Qe2 O-O-O {White made the
thematic advance} 14. f5 {known since Lasker's win over Capablanca, St
Peterburg, 1914. Similar positions, same idea to restrict Black's
light-squared bishop.} Bd7 15. Nf3) 12. Kh1 f5 {Hikaru is well prepared as
ever. Here he takes a page out of Grischuk's opening book.} (12... f6 13. Qe2
O-O 14. Nf3 Bc5 15. Be3 Qe7 {Robson-Swiercz, PRO League, 20017 ended
peacefully after a mere 123 moves of play, albeit Black was better most of the
way through.}) 13. Qe2 ({Not much is accomplished by} 13. Qh5+ g6 14. Qe2 O-O
15. Nf3 Bf6 16. e5 Be7 {Caruana-Grischuk, London Classic 2015. Despite a good
looking pawn on e5 this structure is known to be safe for Black.}) 13... O-O
14. Rd1 Qe7 15. Nf3 Bc5 16. Re1 Rae8 17. exf5 $6 {Ray wants to take a
different path, but opening the position must favour the bishop pair.} Bd5 18.
Ne5 Rxf5 19. c4 Be6 20. Bd2 Bd6 21. Rf1 Ref8 22. b3 Bxe5 $1 {The strength of
said pair is often manifested in trading one of the bishops!} 23. fxe5 Qc5 24.
Bc3 b5 25. Rxf5 Rxf5 26. Rd1 Qf2 27. Qd3 ({The endgame resulting in} 27. Qxf2
Rxf2 28. cxb5 Rc2 {is not a simple draw. The g2-pawn is a big target, while
the white bishop is reduced to a strictly defensive role.} 29. Be1 cxb5 30. a4
a6 31. axb5 axb5 32. b4 c6 33. Kg1 Bd5 34. Rd2 Rc4 $15) 27... bxc4 28. bxc4 h6
29. Bd4 Qxa2 30. Ra1 Qxc4 31. Qxc4 Bxc4 32. Bxa7 Rxe5 33. Kg1 Bd5 34. Rc1 Re2
35. Bf2 Kf7 36. h3 Ra2 37. Rc3 {Ray was in too much of a time trouble rush to
look ahead and see if his fortress can be breached. Credit goes to Hikaru for
seeing deeper.} g5 38. Rc1 h5 39. Rc3 Kg6 40. Rc1 Kf5 41. Rc3 g4 42. hxg4+ hxg4
{Absolute Zugzwang.} 43. Bg3 {At first sight this move looks strange, but in
truth, there was nothing better.} (43. Rd3 {surrenders the c-file:} Rc2 44. Re3
c5) (43. Kf1 {drops the g-pawn anyway:} Ra1+ 44. Be1 Bxg2+ 45. Kxg2 Rxe1 46.
Rxc6 Re7 $19) ({Other rook moves, such as} 43. Rc1 {allow} g3) 43... Rxg2+ 44.
Kf1 Rxg3 $1 {Who says technical endgame play leaves no room for flair?} (44...
Rb2 45. Bxc7 Rb3 46. Rxb3 Bxb3 {was winning, but in such endings things can go
wrong if White establishes a blockade.} 47. Ke2 Ke4 $1 (47... c5 $6 48. Kd3 Be6
49. Bd6 c4+ 50. Kd4 {Now in order to win Black must force the white king away
from d4:} Kg5 (50... Kg6 51. Bg3 Kf7 52. Bf4 Ke7 53. Bg3 Kd7 54. Bf4 Kc6 55.
Bg3 Kb5 56. Bd6 Bf7 57. Kc3 Kc6 $1 58. Bg3 Kd5 {but it's the longer road.}) 51.
Bg3) 48. Bd6 Kd4 $19) 45. Rxg3 c5 {Too much distance between the pawns for
White to cope with.} 46. Kf2 Kf4 47. Rd3 c6 {This little guy has an important
role too - see the note to the 64th move.} 48. Ra3 c4 49. Rc3 Be6 50. Ra3 Bf5
51. Rg3 Bd3 52. Re3 Be4 53. Ra3 (53. Rg3 Bf3 {and the c-pawn moves forward.})
53... Bd3 54. Ra5 g3+ 55. Kg1 Be4 56. Ra3 Bd5 57. Kf1 g2+ 58. Kf2 Ke5 59. Rg3
Kd4 60. Ke2 c3 61. Kd1 Be4 62. Ke2 c2 63. Kd2 Ke5 64. Rg4 ({There it is,} 64.
Rxg2 Bxg2 65. Kxc2 {is useless.}) 64... Kf5 65. Rg8 Kf4 {A flawless, business
as usual, performance by Nakamura.} 0-1

[Event "Qatar Masters op"]
[Site "Doha"]
[Date "2014.12.04"]
[Round "9"]
[White "Yu, Yangyi"]
[Black "Kramnik, Vladimir"]
[Result "1-0"]
[WhiteElo "2705"]
[BlackElo "2760"]
[Annotator "Yu,Yangyi"]
[PlyCount "65"]
[EventDate "2014.11.26"]
[EventType "swiss"]
[EventRounds "9"]
[EventCountry "QAT"]
[SourceTitle "CBM 164"]
[Source "ChessBase"]
[SourceDate "2015.01.15"]
[SourceVersion "1"]
[SourceVersionDate "2015.01.15"]
[SourceQuality "1"]

{Before the final round Kramnik, the second seed in this tournament (behind
Giri), was leading the field with 7.0/8, followed by me with 6.5/8. I felt a
bit exhausted after my lucky but deserved five hour victory in round eight
against Giri. Playing the former World Champion, whose games I had studied
extensively ever since I began playing chess, was of course a great event for
me. I approached the last round with excitement and was eager to learn from
one of the most renowned personalities in chess history.} 1. e4 e5 2. Nf3 Nc6
3. Bb5 Nf6 {Not a big surprise - I was expecting either the Berlin or the
Petroff.} 4. d3 {I chose a line that avoids the exchange of too many pieces.
Kramnik is one of the leading experts of the Berlin, and he is particularly
strong in quiet endgames without queens. Thus, I was eager to get a more open
and combative type of position, which suits my strengths much more.} Bc5 5.
Bxc6 $5 {I was happy to exchange my bishop for his knight to create an
unbalanced position with a doubled pawns for Black. I know there are three
other main moves but with this one White avoids simplifications.} dxc6 6. Nbd2
Be6 {I had prepared mainly against 6...0-0.} 7. O-O Nd7 8. Nb3 Bb6 $5 {To my
knowledge 8...Be7 is played more frequently. I then wanted to continue with 9.
Na5 or 9.d4. I didn't spend much time analysing 8...Bb6 during my preparations
and now had to improvise.} (8... Be7 $5 9. d4 (9. Na5 $5)) 9. Ng5 Bxb3 10. axb3
f6 11. Nf3 Nf8 12. Nd2 {My intuition told me that White was slightly better
here.} Ne6 13. Qh5+ {The idea is to provoke ...g6. Later, after f4 from White,
the f6-square would be weak. As Black still has the doubled c-pawns, I felt
the closer we get to an endgame the more superior White's position would
become.} g6 14. Qd1 Bc5 15. Nc4 b5 $6 {Maybe not a good move. It weakens the
queenside and allows my knight to entrench itself on a5, effectively tying up
Black's c-pawns on c6 and c7.} (15... Qe7 16. Kh1 a6 17. f4 exf4 18. Bxf4 Nxf4
19. Rxf4 O-O-O 20. c3 $14) 16. Na5 Qd7 17. Be3 Bb6 (17... Bd6 18. g3 c5 19. f4
exf4 20. gxf4 O-O 21. Kh1 $14) 18. b4 O-O (18... c5 19. bxc5 Bxc5 20. Bxc5 Nxc5
21. b4 Ne6 22. Nb3 $14) 19. Qd2 f5 $6 (19... c5 20. bxc5 Nxc5 21. b4 Ne6 22.
Nb3 $14) 20. exf5 gxf5 21. Qc3 $1 {I had calculated for a very long time
before deciding to play this move. Black obviously wants to launch a kingside
attack, so White must quickly aim for counterplay on the queenside. As the
saying goes, "attack is the best defence"ќ. Here my impression was that I was
the one who spent time calculating, while my opponent was relying more on his
feeling. In hindsight I have to say that I was luckier because this position
really called for precise calculations.} f4 ({I was expecting} 21... Bxa5 22.
Rxa5 f4 (22... Qd5 23. f3 $16) {after which I intended to play} 23. Bxa7 {
. I had calculated up to 25.Qg5+ leading to a draw, but then 26.Be3 secures a
huge advantage for White.} f3 24. Qxe5 Nf4 25. Qg5+ Kh8 26. Be3 $1 $16 (26.
Qe5+ $11)) 22. Bxb6 cxb6 (22... axb6 23. Nxc6 $16 (23. Qxc6 Rad8 24. Qxd7 Rxd7)
) 23. Nxc6 $1 (23. Qxc6 Qc8 $1) 23... Qd6 {I had not considered this move. But
after thinking for five minutes I saw that after 24.Rxa7 Rxa7 25.Nxa7 Nd4, I
could play 26.Nb5!. I think my opponent must have missed this tactical
resource.} (23... f3 24. Nxe5 Qd5 25. Nxf3 (25. Qb3 Qxb3 26. cxb3 fxg2 27. Kxg2
Nd4 28. Rae1) 25... Rxf3 26. gxf3 Nd4 27. Qc7 $1 $18 Kh8 28. Rfe1) 24. Rxa7
Rxa7 (24... f3 25. Ne7+ Kh8 26. Nf5) 25. Nxa7 f3 (25... Nd4 26. Nxb5) 26. Qc6 {
The right and safest choice, avoiding any attempts to fork my queen after ...
Nd4. White's advantage is already very obvious.} Qe7 27. Nxb5 Kh8 $6 {I think
Black should have played 27...fxg2 to attain a bit of counterplay.} (27... fxg2
28. Kxg2 (28. Qxg2+ Kh8 29. Kh1 Qxb4 30. Qd5 Qf4 31. Qe4 $16) 28... Kh8 29. Kh1
$18) 28. g3 {Now I think White's advantage is decisive. After Ra1-a8 and an
exchange of rooks White is simply three pawns up.} Qf7 29. Ra1 Ng5 30. Ra8 Qe7
31. h4 Nh3+ 32. Kf1 e4 (32... Qxb4 33. Qf6+ $18) 33. Qxe4 {I felt happy and
very honoured to win this important game and with it the tournament! But when
euphoria and happiness subsided, I felt terribly exhausted and was longing for
a good rest!} 1-0